Study of economic conditions of agricultural labour in Dhulia district, Maharashtra (Record no. 21114)
[ view plain ]
| 000 -LEADER | |
|---|---|
| fixed length control field | 00400nam a2200133Ia 4500 |
| 082 ## - DEWEY DECIMAL CLASSIFICATION NUMBER | |
| Classification number | RB.0063 |
| 100 ## - MAIN ENTRY--AUTHOR NAME | |
| Personal name | Upadhyaya, Ashok |
| 245 #0 - TITLE STATEMENT | |
| Title | Study of economic conditions of agricultural labour in Dhulia district, Maharashtra |
| 260 ## - PUBLICATION, DISTRIBUTION, ETC. (IMPRINT) | |
| Year of publication | 1975 |
| Name of publisher | ICSSR, New Delhi |
| 300 ## - PHYSICAL DESCRIPTION | |
| Number of Pages | 199p. |
| 650 ## - SUBJECT ADDED ENTRY--TOPICAL TERM | |
| Topical Term | AGRICULTURAL LABOURERS - MAHARASHTRA - DHULIA DISTRICT |
| 700 ## - ADDED ENTRY--PERSONAL NAME | |
| Personal name | Brahme, Sulabha |
| 942 ## - ADDED ENTRY ELEMENTS (KOHA) | |
| Koha item type | Research Reports |
| Source of classification or shelving scheme | Dewey Decimal Classification |
| Withdrawn status | Lost status | Damaged status | Not for loan | Collection code | Home library | Current library | Date acquired | Full call number | Accession Number | Price effective from | Koha item type |
|---|---|---|---|---|---|---|---|---|---|---|---|
| Not For Loan | Minor Research project Reports | NASSDOC Library | NASSDOC Library | 08/10/2004 | RB.0063 | 9904 | 18/04/2019 | Research Reports |
